Valuing local knowledge : (Registro nro. 4189)

Detalles MARC
000 -CABECERA
Campo de control 01936cam a2200469 a 4500
005 - FECHA Y HORA DE LA ULTIMA TRANSACCION
Campo de control 20200104041547.0
008 - ELEMENTOS DE LONGITUD FIJA—INFORMACION GENERAL
Campo de control 950814s1996 dcu rb 001 0 eng
020 ## - ISBN
ISBN 1559634251 (cloth : acidfree paper)
020 ## - ISBN
ISBN 155963426X (pbk. : acidfree paper)
040 ## - FUENTE DE CATALOGACIÓN
Agencia catalogadora original DLC
Agencia transcriptora DLC
Agencia Modificadora DLC
-- CO-BOIAvH
041 ## - IDIOMA
Código de idioma para texto/pista de sonido o título separado Inglés
082 00 - NUMERO DE CLASIFICACION DECIMAL DEWEY
Número de clasificación 346.048
Número del ítem V21v
245 00 - MENCION DE TITULO
Título Valuing local knowledge :
Parte restante del título indigenous people and intellectual property rights /
Mención de responsabilidad editado por Stephen B. Brush y Doreen Stabinsky.
260 ## - PUBLICACION, DISTRIBUCION, ETC. (PIE DE IMPRENTA)
Lugar de publicación, distribución, etc. Washington, D.C. :
Nombre del editor, distribuidor, etc. Island Press,
Fecha de publicación, distribución, etc. c1996.
300 ## - DESCRIPCION FISICA
Extensión 337 p. ;
Dimensiones 24 cm.
500 ## - NOTA GENERAL
Nota general Material disponible en fotocopia, solo para consulat en sala.
504 ## - NOTA DE BIBLIOGRAFIA, ETC.
Nota de bibliografía Incluye referencias bibliográficas e índice.
505 ## - NOTA DE CONTENIDO
Nota de contenido Part I. Equity and indigenous rights<br/>Part II. Conservation, knowledge, property<br/>Part III. Policy options and alternatives
590 ## - NOTA LOCAL
Nota local disponible en fotocopia solo consulta en sala
650 #0 - ASIENTO SECUNDARIO DE MATERIA - TERMINO TEMATICO
Término temático o nombre geográfico como elemento de entrada Human ecology
Subdivisión general Philosophy.
650 #0 - ASIENTO SECUNDARIO DE MATERIA - TERMINO TEMATICO
Término temático o nombre geográfico como elemento de entrada Ethnoscience.
650 #0 - ASIENTO SECUNDARIO DE MATERIA - TERMINO TEMATICO
Término temático o nombre geográfico como elemento de entrada Indigenous peoples
Subdivisión general Economic conditions.
650 #0 - ASIENTO SECUNDARIO DE MATERIA - TERMINO TEMATICO
Término temático o nombre geográfico como elemento de entrada Biodiversity.
650 #0 - ASIENTO SECUNDARIO DE MATERIA - TERMINO TEMATICO
Término temático o nombre geográfico como elemento de entrada Conservation of natural resources.
650 #0 - ASIENTO SECUNDARIO DE MATERIA - TERMINO TEMATICO
Término temático o nombre geográfico como elemento de entrada Sustainable development.
650 #0 - ASIENTO SECUNDARIO DE MATERIA - TERMINO TEMATICO
Término temático o nombre geográfico como elemento de entrada Environmental policy
Subdivisión general Economic aspects.
650 #0 - ASIENTO SECUNDARIO DE MATERIA - TERMINO TEMATICO
Término temático o nombre geográfico como elemento de entrada Pueblos indigenas
Subdivisión general aspectos económicos
650 #0 - ASIENTO SECUNDARIO DE MATERIA - TERMINO TEMATICO
Término temático o nombre geográfico como elemento de entrada Ecología humana
650 #0 - ASIENTO SECUNDARIO DE MATERIA - TERMINO TEMATICO
Término temático o nombre geográfico como elemento de entrada Conocimiento tradicional
650 #0 - ASIENTO SECUNDARIO DE MATERIA - TERMINO TEMATICO
Término temático o nombre geográfico como elemento de entrada Derechos de propiedad intelectual
Subdivisión de forma pueblos indígenas
700 1# - ASIENTO SECUNDARIO - NOMBRE PERSONAL
Nombre personal Brush, Stephen B.,
Fechas asociadas con el nombre 1943-
Término de relación editor
700 1# - ASIENTO SECUNDARIO - NOMBRE PERSONAL
Nombre personal Stabinsky, Doreen.
Término de relación editora
700 1# - ASIENTO SECUNDARIO - NOMBRE PERSONAL
Nombre personal Greaves, Thomas
700 1# - ASIENTO SECUNDARIO - NOMBRE PERSONAL
Nombre personal Dove, Michael
700 1# - ASIENTO SECUNDARIO - NOMBRE PERSONAL
Nombre personal Zerner, Charles
700 1# - ASIENTO SECUNDARIO - NOMBRE PERSONAL
Nombre personal Gudeman, Stephen
700 1# - ASIENTO SECUNDARIO - NOMBRE PERSONAL
Nombre personal Varese, Stefano
700 1# - ASIENTO SECUNDARIO - NOMBRE PERSONAL
Nombre personal Richards, Paul
700 1# - ASIENTO SECUNDARIO - NOMBRE PERSONAL
Nombre personal Meilleur, Brien
700 1# - ASIENTO SECUNDARIO - NOMBRE PERSONAL
Nombre personal Patel, Surendra
942 ## - ELEMENTOS ADICIONALES (KOHA)
Sistema de clasificación Dewey Decimal Classification
Tipo de ítem Libro
Koha issues (borrowed), all copies 1
Existencias
Withdrawn status Lost status Sistema de Clasificación Damaged status No para préstamo Colección Inventariado Ubicación Permanente Ubicación actual Fecha de adquisición Fuente de Valor Valor Total Checkouts Número topográfico Inventario / Código de Barras Date last seen Date checked out Ejemplar Price effective from Forma de adquisición Tipo de material Public note
    Dewey Decimal Classification     General Inventariado 2017 Bogotá Bogotá 12/10/2004 Instituto 39000.00 1 LB-346.048 V21v 016801 25/03/2015 25/03/2015 Ej. 1 04/12/2012   Libro Disponible en fotocopia, solo consulta en sala.